| 000 | 00552nam a2200181 i 4500 | ||
|---|---|---|---|
| 001 | 149993 | ||
| 003 | ES-MaACL | ||
| 005 | 20230906203335.0 | ||
| 007 | t| | ||
| 008 | 071025s1955 sp ||||1| spa d | ||
| 100 | 1 |
_aVander, Adrianus. _9113059 |
|
| 245 | 1 | 0 |
_aRegímenes agradables para sanos y enfermos / _cAdr. Vander. |
| 250 | _a5ª ed. not. corr. y aum. | ||
| 260 |
_aBarcelona : _b[s.n.], _c1955 ( _fGráf. Vicente Ferrer) |
||
| 300 |
_a157 p. : _bil. ; _c21 cm. |
||
| 650 | 4 |
_aCocina- _vRecetas. _911127 |
|
| 852 |
_aES-MaACL _jC-9633 _bR.37889 |
||
| 999 |
_c149993 _d149993 |
||